000 00322nam a22001337a 4500
008 180928b xxu||||| |||| 00| 0 eng d
020 _a0683015214
041 _aeng
080 _a615
100 _a5
101 _aFAR
245 _aThe Pharmacologic Aproach To The Critically iii Patient
_cBart.CH
942 _2udc
_cBK
999 _c48694
_d48694